00791nam a2200229 a 45000010005000000030005000050050017000100080041000270200015000680240019000830400020001021000025001222450117001472600042002643000018003066000043003246500034003676500037004019420013004389990015004519520095004662919CDMR20131217155642.0130130s2002||||esp1 gr|||| 001|0dspa d a8497340388 2DLaM119322002 aCDMRbcatcCDMR1 aFuentes, Julio9214410aMorir para contarlob: las mejores crónicas del reportero de El Mundo asesinado en AfganistáncJulio Fuentes aMadridc2002bLa esfera de los libros a462p ;c24 cm1 92144aFuentes, JuliovRecull d'escrits0492560aCorresponsals de guerra0493583aGuerra d'Afganistan, 2001- cMON2udc c2919d2919 00104070aCDMRbCDMRd2013-01-16l0oAm /60pCDMR1312613677r2013-01-16w2013-01-16yMON